[Event "Lazy Baltic Pearl op-A 21st"]
[Site "Lazy"]
[Date "2025.07.06"]
[Round "7"]
[White "Owad, Jakub"]
[Black "Gawlik, Olivier"]
[Result "0-1"]
[WhiteElo "1740"]
[BlackElo "1817"]
[PlyCount "108"]
[EventDate "2025.06.30"]
[EventType "swiss"]
[EventRounds "9"]
[EventCountry "POL"]
[SourceTitle "CB28_2025"]
[SourceDate "2025.07.09"]
[SourceVersion "1"]
[SourceVersionDate "2025.07.09"]
[SourceQuality "1"]

1. d4 Nf6 2. Nf3 e6 3. g3 d5 4. Bg2 Nbd7 5. c4 Bb4+ 6. Nc3 Ne4 7. Qc2 c6 8. 0-0 f5 9. cxd5 exd5 10. Nd2 Ndf6 11. Ndxe4 dxe4 12. Rd1 Be6 13. Bf4 0-0 14. e3 Bd6 15. Na4 Bxf4 16. gxf4 Bd5 17. Bh3 Nd7 18. Nc3 Qh4 19. Bg2 Nf6 20. h3 Kh8 21. Ne2 h6 22. Ng3 Be6 23. Qc5 Nd7 24. Qd6 Qf6 25. Ne2 Nb6 26. Nc3 Bd5 27. Qxf6 Rxf6 28. Nxd5 Nxd5 29. Bf1 g5 30. fxg5 hxg5 31. Bc4 Nb6 32. Bb3 Rd8 33. Kf1 Rh6 34. Kg2 Kg7 35. Rac1 Nd5 36. Rc5 Rhd6 37. Rdc1 Kf6 38. Bxd5 Rxd5 39. b4 Ke6 40. a4 a6 41. a5 Kf6 42. Kg3 Ke6 43. Rxd5 Rxd5 44. Rc5 Kf6 45. Kh2 Kg6 46. Kg2 Rxc5 47. bxc5 f4 48. Kh2 Kh5 49. Kg2 Kh4 50. Kh2 f3 51. Kh1 Kxh3 52. Kg1 g4 53. Kh1 g3 54. fxg3 f2 0-1

[Event "POL-chT U20 1st League"]
[Site "Chotowa"]
[Date "2025.06.18"]
[Round "5.38"]
[White "Kawulski Chodkiewicz, Alexander"]
[Black "Gawlik, Olivier"]
[Result "1-0"]
[WhiteElo "1956"]
[BlackElo "1842"]
[PlyCount "71"]
[EventDate "2025.06.14"]
[EventType "team-swiss"]
[EventRounds "9"]
[EventCountry "POL"]
[SourceTitle "CB26_2025"]
[SourceDate "2025.06.25"]
[SourceVersion "1"]
[SourceVersionDate "2025.06.25"]
[SourceQuality "1"]
[WhiteTeam "Legnica Miedz"]
[BlackTeam "Bełchatow Jedynka"]
[WhiteTeamCountry "POL"]
[BlackTeamCountry "POL"]

1. e4 e5 2. Nf3 Nc6 3. Bc4 Bc5 4. c3 Nf6 5. d4 exd4 6. e5 d5 7. Bb5 Ne4 8. cxd4 Bb6 9. Be3 0-0 10. Nc3 Nxc3 11. bxc3 Bf5 12. Bd3 Qd7 13. 0-0 Rac8 14. Nh4 Bxd3 15. Qxd3 Na5 16. f4 c5 17. f5 cxd4 18. cxd4 Rc4 19. f6 g6 20. h3 Qa4 21. Rf4 Nc6 22. Rd1 Nxe5 23. Qe2 Rc2 24. Qe1 Nc4 25. Nf5 Bd8 26. Bd2 Nb2 27. Bb4 Nxd1 28. Nh6+ Kh8 29. Bxf8 Bxf6 30. Nxf7+ Kg8 31. Nh6+ Kh8 32. Qe6 Rxg2+ 33. Kxg2 Qc2+ 34. Kh1 Nf2+ 35. Rxf2 Qc1+ 36. Kh2 1-0

[Event "Lazy Baltic Pearl op-A 20th"]
[Site "Lazy"]
[Date "2024.06.28"]
[Round "5"]
[White "Stepinski, Piotr"]
[Black "Gawlik, Olivier"]
[Result "0-1"]
[WhiteElo "1925"]
[BlackElo "1765"]
[PlyCount "51"]
[EventDate "2024.06.24"]
[EventType "swiss"]
[EventRounds "9"]
[EventCountry "POL"]
[SourceTitle "CBM 220 Extra"]
[Source "ChessBase"]
[SourceDate "2024.07.31"]
[SourceVersion "1"]
[SourceVersionDate "2024.07.31"]
[SourceQuality "1"]

1. e4 c6 2. Nf3 d5 3. d3 g6 4. e5 Bg7 5. h3 f6 6. d4 fxe5 7. Nxe5 Nf6 8. Bd3 Nbd7 9. Nxd7 Nxd7 10. 0-0 0-0 11. c3 e5 12. Be3 exd4 13. cxd4 Qb6 14. Nc3 Qxb2 15. Na4 Qb4 16. Rb1 Qd6 17. Qc2 b5 18. Nb2 Nb6 19. Rbc1 Nc4 20. Bxc4 dxc4 21. Rfd1 Bf5 22. Qd2 Qd5 23. Re1 c5 24. Red1 cxd4 25. Bxd4 Rfd8 26. Qe2 0-1

[Event "Lazy Baltic Pearl op-A 20th"]
[Site "Lazy"]
[Date "2024.06.24"]
[Round "1"]
[White "Seemann, Pola"]
[Black "Gawlik, Olivier"]
[Result "1-0"]
[WhiteElo "1935"]
[BlackElo "1765"]
[PlyCount "89"]
[EventDate "2024.06.24"]
[EventType "swiss"]
[EventRounds "9"]
[EventCountry "POL"]
[SourceTitle "CBM 220 Extra"]
[Source "ChessBase"]
[SourceDate "2024.07.31"]
[SourceVersion "1"]
[SourceVersionDate "2024.07.31"]
[SourceQuality "1"]

1. e4 c5 2. Nf3 Nf6 3. e5 Nd5 4. d4 cxd4 5. Qxd4 e6 6. c4 Nc6 7. Qe4 Nc7 8. Bg5 Be7 9. h4 f6 10. exf6 Bxf6 11. Nc3 Qe7 12. 0-0-0 b6 13. Bxf6 gxf6 14. Qf4 Kd8 15. Bd3 Bb7 16. Rhe1 Kc8 17. Nd5 Nxd5 18. cxd5 Nb4 19. dxe6 dxe6 20. Bc4 e5 21. Nxe5 fxe5 22. Rxe5 Qc7 23. Kb1 Nc6 24. Qg4+ Kb8 25. Rg5 Ne5 26. Qd4 Re8 27. Bb5 Nc6 28. Qg4 Rd8 29. Rc1 Qd6 30. Rg7 a6 31. Rxb7+ Kxb7 32. Bxc6+ Qxc6 33. Rxc6 Kxc6 34. Qe4+ Rd5 35. Qxh7 Rad8 36. a3 Rd2 37. Qe4+ R8d5 38. Qe8+ Rd7 39. h5 R2d6 40. g4 Kc7 41. g5 Rd1+ 42. Ka2 R1d2 43. g6 Rxf2 44. Qe5+ Kb7 45. g7 1-0

[Event "POL-ch U13 Qual"]
[Site "Jastrzebia Gora"]
[Date "2021.11.18"]
[Round "6"]
[White "Gawlik, Olivier"]
[Black "Spionkowski, Fabian"]
[Result "1-0"]
[WhiteElo "1183"]
[BlackElo "1687"]
[PlyCount "89"]
[EventDate "2021.11.15"]
[EventType "swiss"]
[EventRounds "9"]
[EventCountry "POL"]
[SourceTitle "EXT 2023"]
[Source "ChessBase"]
[SourceDate "2022.10.05"]
[SourceVersion "1"]
[SourceVersionDate "2022.10.05"]
[SourceQuality "1"]

1. e4 c5 2. Nf3 Nc6 3. d4 cxd4 4. Nxd4 g6 5. c4 Bg7 6. Be3 Nf6 7. Nc3 0-0 8. Be2 d6 9. f3 Bd7 10. Qd2 Nxd4 11. Bxd4 a5 12. 0-0 Nh5 13. Be3 Nf6 14. Nd5 Nxd5 15. cxd5 h5 16. Bd4 f6 17. f4 Bh6 18. Be3 Kh7 19. h3 h4 20. Qe1 g5 21. f5 Rc8 22. Qd2 b6 23. Rac1 Rxc1 24. Rxc1 Qb8 25. Bh5 Be8 26. Bxe8 Rxe8 27. Rc6 Rc8 28. Rxb6 Qa8 29. Rb3 Rc4 30. Qd3 Qc8 31. Rc3 Rxc3 32. Qxc3 Qb8 33. b3 Qb5 34. Qc4 Qb7 35. Kf2 Kg8 36. a3 Kf7 37. b4 axb4 38. axb4 Ke8 39. Qc6+ Qxc6 40. dxc6 Kd8 41. Kf3 g4+ 42. hxg4 Bg5 43. Bxg5 fxg5 44. Ke3 Kc7 45. b5 1-0

[Event "POL-ch U13 Qual"]
[Site "Jastrzebia Gora"]
[Date "2021.11.18"]
[Round "5"]
[White "Uhryn, Mateusz"]
[Black "Gawlik, Olivier"]
[Result "1/2-1/2"]
[WhiteElo "1393"]
[BlackElo "1183"]
[PlyCount "108"]
[EventDate "2021.11.15"]
[EventType "swiss"]
[EventRounds "9"]
[EventCountry "POL"]
[SourceTitle "EXT 2023"]
[Source "ChessBase"]
[SourceDate "2022.10.05"]
[SourceVersion "1"]
[SourceVersionDate "2022.10.05"]
[SourceQuality "1"]

1. d4 d5 2. c4 e6 3. Nf3 Nf6 4. g3 Be7 5. Bg2 Nbd7 6. 0-0 0-0 7. a4 c5 8. cxd5 Nxd5 9. Nc3 N7f6 10. Bg5 h6 11. Nxd5 Nxd5 12. Bxe7 Qxe7 13. Rc1 cxd4 14. Qxd4 Rd8 15. Rfd1 Bd7 16. e4 Nf6 17. Rc7 Qe8 18. Qc4 Bc6 19. Re1 Rdb8 20. Ne5 Rc8 21. Rxc8 Rxc8 22. Nxc6 Rxc6 23. Qd3 Qd7 24. Qe3 Rb6 25. b3 Ng4 26. Qe2 Ne5 27. Rd1 Rd6 28. Rxd6 Qxd6 29. Bf1 Qb4 30. Qe3 Qd4 31. Qxd4 Nf3+ 32. Kg2 Nxd4 33. Bc4 a6 34. f4 b5 35. axb5 axb5 36. Bd3 Nxb3 37. Bxb5 Kf8 38. Kf2 Nd4 39. Ba4 e5 40. fxe5 Ne6 41. Ke3 Ke7 42. Bb3 Nd8 43. Bd5 Ke8 44. Kd4 Kd7 45. Ke3 Ke8 46. h4 Ke7 47. Kf4 Ne6+ 48. Bxe6 Kxe6 49. g4 g5+ 50. hxg5 hxg5+ 51. Kxg5 Kxe5 52. Kh6 Kxe4 53. Kg7 Kf4 54. Kxf7 Kxg4 1/2-1/2

[Event "POL-ch U13 Qual"]
[Site "Jastrzebia Gora"]
[Date "2021.11.17"]
[Round "4"]
[White "Gawlik, Olivier"]
[Black "Wilangowski, Olivier"]
[Result "1/2-1/2"]
[WhiteElo "1183"]
[BlackElo "1454"]
[PlyCount "118"]
[EventDate "2021.11.15"]
[EventType "swiss"]
[EventRounds "9"]
[EventCountry "POL"]
[SourceTitle "EXT 2023"]
[Source "ChessBase"]
[SourceDate "2022.10.05"]
[SourceVersion "1"]
[SourceVersionDate "2022.10.05"]
[SourceQuality "1"]

1. e4 e5 2. Nf3 Nc6 3. d4 exd4 4. Bc4 Nf6 5. 0-0 Nxe4 6. Re1 d5 7. Bxd5 Qxd5 8. Nc3 Qa5 9. Nxe4 Be6 10. Neg5 0-0-0 11. Nxe6 fxe6 12. Rxe6 Qd5 13. Re2 h6 14. Bf4 Be7 15. Ne5 Bf6 16. Nxc6 Qxc6 17. Qd3 Rd5 18. Rae1 Qb5 19. Qxb5 Rxb5 20. b3 Ra5 21. a4 Rc5 22. Rd1 Rd8 23. Rd3 h5 24. f3 h4 25. Kf2 Rf5 26. Bc1 c5 27. Re6 c4 28. Rd1 cxb3 29. cxb3 Rc5 30. Re2 d3 31. Re4 Rc2+ 32. Bd2 Rb2 33. b4 b6 34. Ke1 Kb7 35. Rc1 Rc2 36. Rxc2 dxc2 37. Rc4 Re8+ 38. Kf1 Rc8 39. Rxc8 Kxc8 40. Bc1 Bc3 41. b5 Kd7 42. Ke2 Kd6 43. Kd3 Be5 44. f4 Bf6 45. Ba3+ Kd5 46. Kxc2 Kc4 47. Bd6 Bd8 48. g4 hxg3 49. hxg3 g6 50. g4 Bf6 51. g5 Bd8 52. Be5 Be7 53. Bb8 Kb4 54. Bxa7 Kxa4 55. Bxb6 Kxb5 56. Bd4 Kc4 57. Be5 Kd5 58. Bb8 Ke4 59. Bc7 Kf5 1/2-1/2

[Event "POL-ch U12"]
[Site "Uniejow"]
[Date "2021.07.22"]
[Round "6"]
[White "Zielen, Stanislaw"]
[Black "Gawlik, Olivier"]
[Result "1/2-1/2"]
[WhiteElo "1198"]
[BlackElo "1168"]
[PlyCount "73"]
[EventDate "2021.07.18"]
[EventType "swiss"]
[EventRounds "9"]
[EventCountry "POL"]
[SourceTitle "EXT 2022"]
[Source "ChessBase"]
[SourceDate "2021.10.06"]
[SourceVersion "1"]
[SourceVersionDate "2021.10.06"]
[SourceQuality "1"]

1. d4 Nf6 2. Bf4 e6 3. e3 c5 4. c3 Qb6 5. Qb3 Qxb3 6. axb3 Nc6 7. h3 d5 8. Nf3 Be7 9. Bd3 0-0 10. Nbd2 Bd7 11. 0-0 a6 12. Ne5 Nxe5 13. Bxe5 Rac8 14. c4 cxd4 15. exd4 dxc4 16. bxc4 Rfd8 17. Bf4 Bc6 18. Be3 h6 19. Nb3 Ne4 20. Be2 Nd6 21. f3 Nf5 22. Bf2 Bf6 23. Rfd1 Rc7 24. d5 exd5 25. Bb6 Rcc8 26. Bxd8 Rxd8 27. cxd5 Bxd5 28. Rd3 Bxb3 29. Rxb3 Bd4+ 30. Kh2 Be5+ 31. Kg1 Bd4+ 32. Kh2 Be5+ 33. Kg1 Bd4+ 34. Kh2 Be5+ 35. f4 Bxf4+ 36. g3 Nxg3 37. Rxg3 1/2-1/2

[Event "POL-ch U12"]
[Site "Uniejow"]
[Date "2021.07.20"]
[Round "2"]
[White "Wilangowski, Olivier"]
[Black "Gawlik, Olivier"]
[Result "1-0"]
[WhiteElo "1349"]
[BlackElo "1168"]
[PlyCount "45"]
[EventDate "2021.07.18"]
[EventType "swiss"]
[EventRounds "9"]
[EventCountry "POL"]
[SourceTitle "EXT 2022"]
[Source "ChessBase"]
[SourceDate "2021.10.06"]
[SourceVersion "1"]
[SourceVersionDate "2021.10.06"]
[SourceQuality "1"]

1. e4 c5 2. c3 g6 3. d4 cxd4 4. cxd4 d5 5. exd5 Nf6 6. Nf3 Nxd5 7. Bc4 Nb6 8. Bb3 Bg7 9. 0-0 0-0 10. Nc3 Bg4 11. Be3 Nc6 12. d5 Ne5 13. Qe2 Nxf3+ 14. gxf3 Bh3 15. Rfd1 Kh8 16. Ne4 Nc8 17. d6 e6 18. Bg5 f6 19. Be3 e5 20. Qb5 f5 21. Bg5 Bf6 22. Nxf6 Rxf6 23. Qxe5 1-0

[Event "GER Pfingstopen U12"]
[Site "Playchess.com INT"]
[Date "2020.06.02"]
[Round "8"]
[White "Gawlik, Olivier"]
[Black "Kovalskyy, Alicia"]
[Result "1-0"]
[WhiteElo "1326"]
[BlackElo "1620"]
[PlyCount "33"]
[EventDate "2020.06.02"]
[EventType "swiss (blitz)"]
[EventRounds "11"]
[EventCountry "GER"]
[SourceTitle "CBM 197 Extra"]
[Source "ChessBase"]
[SourceDate "2020.09.30"]
[SourceVersion "1"]
[SourceVersionDate "2020.09.30"]
[SourceQuality "1"]

1. d4 e5 2. dxe5 f6 3. exf6 Qxf6 4. Nf3 Bb4+ 5. c3 Bc5 6. Bg5 Qf5 7. e3 Nh6 8. Bd3 Qg4 9. 0-0 0-0 10. h3 Qh5 11. Bc4+ Kh8 12. Bxh6 Qh4 13. Bg5 Rf4 14. Bxh4 Rxf3 15. Qxf3 d5 16. Qxd5 b6 17. Qg8# 1-0